Options for return of products to manufacturer
Reverzná logistika, návrat opotrebovaného produktu od spotrebiteľa naspäť k výrobcovi. Rôzne spôsoby návratu produktu. Dôvody návratu. Spôsoby návratu. Plánovanie materiálových potrieb, požiadaviek.
Enregistré dans:
| Auteur principal: | |
|---|---|
| Autres auteurs: | |
| Format: | Chapitre de livre |
| Langue: | anglais |
| Sujets: | |
| Tags: |
Pas de tags, Soyez le premier à ajouter un tag!
|
MARC
| LEADER | 00000nla$a2200000$$$4500 | ||
|---|---|---|---|
| 001 | 0141607 | ||
| 005 | 20240502072535.5 | ||
| 041 | 0 | |a eng | |
| 044 | |a SK | ||
| 245 | 1 | 0 | |a Options for return of products to manufacturer |c Pavel Gežík, Anna Hollá |
| 520 | |a Reverzná logistika, návrat opotrebovaného produktu od spotrebiteľa naspäť k výrobcovi. Rôzne spôsoby návratu produktu. Dôvody návratu. Spôsoby návratu. Plánovanie materiálových potrieb, požiadaviek. | ||
| 610 | 2 | 0 | |a logistika reverzná |
| 610 | 2 | 0 | |a produkty |
| 610 | 2 | 0 | |a recyklácia odpadu |
| 610 | 2 | 0 | |a výrobcovia |
| 610 | 2 | 0 | |a spotrebitelia |
| 100 | 1 | |a Gežík, Pavel, 1983- | |
| 700 | 1 | |a Hollá, Anna | |